000 00277nam a22001337a 4500
003 SGT
082 _a616.7075
_bM09H
100 _aHELMS,CLYDE A
245 _aMUSCULOSKELETAL MRI
250 _a2ND
260 _aPHILADELPHIA
_bSANDERS
_c2009
300 _a442
942 _2ddc
_cBK
999 _c14311
_d14311